Note on the acidity of raw humus in relation to natural covers (Record no. 64051)

MARC details
000 -LEADER
fixed length control field 00411nam a2200145Ia 4500
100 ## - MAIN ENTRY--AUTHOR NAME
Personal name Haines W B
245 #0 - TITLE STATEMENT
Title Note on the acidity of raw humus in relation to natural covers
260 ## - PUBLICATION, DISTRIBUTION, ETC. (IMPRINT)
Name of publisher Journal of the Rubber Research Institute of Malaya
Year of publication 1933
300 ## - PHYSICAL DESCRIPTION
Number of Pages 14-21
650 ## - SUBJECT ADDED ENTRY--TOPICAL TERM
Topical Term Natural cover
650 ## - SUBJECT ADDED ENTRY--TOPICAL TERM
Topical Term Raw humus
700 ## - ADDED ENTRY--PERSONAL NAME
Personal name Pillay K S
942 ## - ADDED ENTRY ELEMENTS (KOHA)
Koha item type Journals
Holdings
Withdrawn status Lost status Damaged status Not for loan Home library Current library Shelving location Date acquired Serial Enumeration / chronology Koha item type
      Journals RRII Library RRII Library Rubber general 17/12/2021 Volume 5, Issue 1 Journals